000 00421nam a22001697a 4500
005 20180521144744.0
008 160521b xxu||||| |||| 00| 0 eng d
020 _a978-265-261-2
041 _aeng
082 _b3672
_a511.4
100 _aWard, Cheney and Will light
_94306
245 _aA Course in Approximation Theory
260 _bThomson Lean
300 _a326
650 _aDIPLOMA ENGINEERING
_9817
942 _cBK
999 _c1261
_d1261